Pattern play: (Record no. 49430)
| 000 -LEADER | |
|---|---|
| fixed length control field | 00377nam a2200121 4500 |
| 020 ## - INTERNATIONAL STANDARD BOOK NUMBER | |
| International Standard Book Number | 9781847807816 |
| 100 ## - MAIN ENTRY--PERSONAL NAME | |
| Personal name | Kroll, Danielle |
| 9 (RLIN) | 86614 |
| 245 ## - TITLE STATEMENT | |
| Title | Pattern play: |
| Remainder of title | cut, fold, and make your own 3D animal models / |
| Statement of responsibility, etc | Danielle Kroll & Nghiem Ta |
| 260 ## - PUBLICATION, DISTRIBUTION, ETC. (IMPRINT) | |
| Place of publication, distribution, etc | US |
| Name of publisher, distributor, etc | Wide Eyed Editions |
| Date of publication, distribution, etc | 2016 |
| 300 ## - PHYSICAL DESCRIPTION | |
| Extent | unpaged. |
| Other physical details | col. ill. |
| Dimensions | 28 cm. |
| 650 ## - SUBJECT ADDED ENTRY--TOPICAL TERM | |
| Topical term or geographic name as entry element | Pattern |
| 9 (RLIN) | 86615 |
| 942 ## - ADDED ENTRY ELEMENTS (KOHA) | |
| Source of classification or shelving scheme | |
| Koha item type | Book |
| Withdrawn status | Lost status | Source of classification or shelving scheme | Damaged status | Not for loan | Collection code | Home library | Current library | Shelving location | Date acquired | Total Checkouts | Full call number | Barcode | Date last seen | Price effective from | Koha item type |
|---|---|---|---|---|---|---|---|---|---|---|---|---|---|---|---|
| TEACHERS' RESOURCES | Asian Hope Primary Library | Asian Hope Primary Library | Non Fiction | 08/26/2025 | 794.4 KRO | 209361 | 08/26/2025 | 08/26/2025 | Book |